Hall of fame Rock and Roll - Statistiques

Statistiques générales
  • Ce quiz a été pris 115 fois
  • Le résultat moyen est 38 sur 252
Statistiques - réponses
Année d'inscription Nom % Correct
1988 The Beatles
84%
1989 The Rolling Stones
76%
2014 Nirvana
71%
2001 Queen
71%
1986 Elvis Presley
70%
2009 Metallica
68%
1993 The Doors
68%
2003 AC/DC
66%
1995 Led Zeppelin
66%
1996 Pink Floyd
62%
1990 The Who
57%
1994 Elton John
54%
2005 U2
50%
1998 Eagles
49%
2001 Michael Jackson
46%
Red Hot Chili Peppers
46%
1996 David Bowie
45%
2003 The Police
45%
1986 Chuck Berry
44%
2016 Deep Purple
44%
2019 The Cure
44%
2001 Aerosmith
43%
2003 The Clash
43%
2018 Dire Straits
41%
2006 Black Sabbath
40%
1994 The Animals
39%
1988 Bob Dylan
38%
2000 Eric Clapton
38%
1994 John Lennon
38%
1988 The Beach Boys
38%
2019 Radiohead
37%
1992 The Jimi Hendrix Experience
37%
2019 Janet Jackson
35%
2010 Genesis
34%
1999 Paul McCartney
34%
2004 Prince
34%
1999 Bruce Springsteen
33%
1995 Janis Joplin
33%
1992 Johnny Cash
33%
2014 KISS
30%
2007 Van Halen
30%
2004 ZZ Top
30%
2021 Foo Fighters
29%
2023 George Michael
29%
1990 The Kinks
29%
2020 Depeche Mode
28%
2004 George Harrisson
28%
2006 Lynyrd Skynyrd
28%
2018 Bon Jovi
27%
2008 Madonna
27%
1998 Fleetwood Mac
26%
2017 Pearl Jam
26%
1996 The Velvet Underground
26%
1987 Aretha Franklin
24%
2017 Yes
24%
1993 Cream
23%
1993 Creedence Clearwater Revival
23%
2015 Green Day
23%
1986 Little Richard
23%
1986 Ray Charles
23%
2006 Sex Pistols
23%
2010 ABBA
22%
1987 B.B. King
22%
1997 Bee Gees
22%
2015 Lou Reed
22%
2001 Paul Simon
22%
1990 Simon & Garfunkel
22%
1989 Stevie Wonder
22%
2006 Blondie
20%
1986 James Brown
20%
2007 R.E.M.
20%
1997 The Jackson 5
20%
2021 Tina Turner
20%
1986 Buddy Holly
18%
2011 Dr. John
18%
2019 Def Leppard
17%
1996 Little Willie John
17%
1995 Neil Young
17%
2007 Patti Smith
17%
2002 Ramones
17%
1998 Santana
17%
1998 The Mamas & the Papas
17%
1986 Jerry Lee Lewis
16%
1987 Marvin Gaye
16%
1994 Rod Stewart
16%
1987 Bill Haley
15%
2000 Earth, Wind & Fire
15%
1996 Jefferson Airplane
15%
2022 Judas Priest
15%
2013 Albert King
13%
2009 Jeff Beck
13%
2018 The Cars
13%
1992 The Yardbirds
13%
2020 Whitney Houston
13%
2021 Carole King
12%
1995 Franck Zappa
12%
1989 Otis Redding
12%
1993 Ruth Brown
12%
1988 The Supremes
12%
1994 Bob Marley & The Wailers
11%
1997 Crosby, Stills & Nash
11%
1993 Etta James
11%
2021 JAY-Z
11%
2014 Peter Gabriel
11%
1995 Al Green
10%
1986 Fats Domino
10%
1998 Gene Vincent
10%
1991 Jimmy Reed
10%
2001 Ritchie Valens
10%
1991 The Byrds
10%
2020 T. Rex
10%
1993 Van Morisson
10%
1999 Billy Joel
9%
1997 Buffalo Springfield
9%
1989 Dion
9%
2012 Donovan
9%
1987 Eddie Cochran
9%
2017 Electric Light Orchestra
9%
2012 Gun N' Roses
9%
1991 Ike & Tina Turner
9%
1991 John Lee Hooker
9%
1997 Joni Mitchell
9%
2017 Journey
9%
2018 Nina Simone
9%
2013 Rush
9%
1986 Sam Cooke
9%
1986 The Everly Brothers
9%
1990 The Four Seasons
9%
2005 The Pretenders
9%
2011 Alice Cooper
7%
1987 Big Joe Turner
7%
2002 Brenda Lee
7%
1987 Carl Perkins
7%
2013 Heart
7%
1987 Jackie Wilson
7%
2000 James Taylor
7%
2023 Kate Bush
7%
2008 Leonard Cohen
7%
1987 Muddy Waters
7%
1987 Roy Orbison
7%
1994 The Band
7%
2010 The Stooges
7%
1989 The Temptations
7%
2023 Willie Nelson
7%
2017 2Pac
6%
2001 Steely Dan
6%
2019 Stevie Nicks
6%
2002 Talking Heads
6%
1995 The Allman Brothers Band
6%
2020 The Notorious B.I.G.
6%
1990 The Platters
6%
2007 The Ronnettes
6%
2011 Tom Waits
6%
Beastie Boys
5%
2004 Bob Seger
5%
2013 Donna Summer
5%
1999 Dusty Springfield
5%
1994 Grateful Dead
5%
2017 Joan Baez
5%
2020 Nine Inch Nails
5%
1987 Ricky Nelson
5%
1992 Sam & Dave
5%
1993 Sly & The Family Stone
5%
2016 Steve Miller
5%
1988 The Drifters
5%
2010 The Hollies
5%
1992 The Isley Brothers
5%
2000 The Lovin Spoonful
5%
1990 Bobby Darin
4%
1987 Bo Diddley
4%
1994 Duane Eddy
4%
2022 Jam & Lewis
4%
1991 LaVern Baker
4%
2011 Neil Diamond
4%
2016 N.W.A
4%
2009 Run-D.M.C.
4%
1987 Smokey Robinson
4%
1987 The Coasters
4%
2020 The Doobie Brothers
4%
2015 The Paul Butterfield Blues Band
4%
1991 Wilson Pickett
4%
1992 Bobby Blue Bland
2%
1992 Booker T. & The MG's
2%
2014 Cat Stevens
2%
2016 Chicago
2%
1987 Clyde McPhatter
2%
2011 Darlene Love
2%
1999 Del Shannon
2%
1990 Four Tops
2%
1993 Frankie Lymon & The Teenagers
2%
1990 Hank Ballard
2%
1998 Lloyd Price
2%
2006 Miles Davies
2%
1997 Parliament-Funkadelic
2%
2013 Public Enemy
2%
2013 Randy Newman
2%
2019 Roxy Music
2%
2004 The Dells
2%
2021 The Go-Go's
2%
1991 The Impressions
2%
2012 The Miracles
2%
2018 The Moody Blues
2%
2003 The Righteous Brothers
2%
2019 The Zombies
2%
2015 Bill Withers
1%
2000 Bonnie Raitt
1%
2016 Cheap Trick
1%
1999 Curtis Mayfield
1%
2007 Grandmaster Flash &The Furious Five
1%
2002 Isaac Hayes
1%
2004 Jackson Browne
1%
2010 Jimmy Cliff
1%
2008 John Mellencamp
1%
1995 Martha and the Vandellas Reeves
1%
2023 Missy Eliott
1%
2023 Sheryl Crow
1%
2012 Small Faces
1%
2001 Solomon Burke
1%
2001 The Flamingos
1%
2005 The O'Jays
1%
1997 The Rascals
1%
1996 The Shirelles
1%
2023 The Spinners
1%
1999 The Staple Singers
1%
2008 The Ventures
1%
2004 Traffic
1%
2005 Buddy Guy
0%
2014 Daryl Hall & John Oates
0%
2022 Elizabeth Cotten
0%
2003 Elvis Costello & The Attractions
0%
2002 Gene Pitney
0%
2012 Gene Vincent & His Blue Caps
0%
1996 Gladys Knigh & The Pips
0%
2022 Harry Belafonte
0%
2020 Irving Azoff
0%
2012 James Brown & The Famous Flames
0%
2022 Jimmy Lovine
0%
2015 Joan and the Backhearts Jett
0%
2020 Jon Millau
0%
2012 Laura Nyro
0%
2014 Linda Ronstadt
0%
2009 Little Anthony & The Imperials
0%
2005 Percy Sledge
0%
2023 Rage Againts the Machine
0%
2018 Sister Rosetta Tharpe
0%
2015 Stevie Ray Vaughan and Double Trouble
0%
2012 The Comets
0%
2012 The Crickets
0%
2008 The Dave Clark Five
0%
2012 The Midnighters
0%
2000 The Moonglows
0%
2002 Tom Petty and the Heartbrakers
0%
Aucun quiz correspondant
Distribution des résultats
% des personnes avec chaque résultat
Percentile par nombre de réponses
Votre historique - résultats
Vous n’avez pas pris ce quiz